| 000 | 01162 a2200205 4500 | ||
|---|---|---|---|
| 003 | Nust | ||
| 005 | 20230830091343.0 | ||
| 010 | _a 94007670 | ||
| 020 | _c0890067201 | ||
| 040 | _cNust | ||
| 082 | 0 | 0 | _a621.381335,GIL |
| 100 | 1 |
_aGilmour, A. S. _968952 |
|
| 245 | 1 | 0 |
_aPrinciples of traveling wave tubes / _cA.S. Gilmour, Jr. |
| 260 |
_aBoston : _bArtech House, _cc1994. |
||
| 300 |
_axiii, 625 p. : _bill. ; _c24 cm. |
||
| 440 | 0 |
_aArtech House radar library _928729 |
|
| 505 | _aIntroduction (Page-1), Static Fields Produced by Electrons (Page-11), Electron Motion in Static Electric Fields (Page-17),Influence of Magnetic Field on Electron Motion (Page-33), Cathodes (Page-47), Electron Guns (Page-103), Electron Beams (Page-151), Beam-Gap Interactions (Page-211), Electron Bunching (Page233), Traveling Wave Interaction (Page-273), Wave Velocities and Dispersion (Page-307), Helix TWTS (Page-323), Coupled Cavity TWTS (Page-359), Depressed Collectors (Page-395), Noise (Page-419), Nonlinearities and Distortion (Page-451), Breakdown and Protection (Page-463), Reliability (Page-507), | ||
| 650 | 0 | _aTelecommunication Engineering. | |
| 942 |
_cREF _2ddc |
||
| 999 |
_c175662 _d175662 |
||